| 000 | 00000nam 2200000za 4500 |
| 001 | 9.676810 |
| 003 | CaOODSP |
| 005 | 20230926100906 |
| 007 | cr ||||||||||| |
| 008 | 150407|1992||||xxc|||||o f|0| 0 fre d |
| 040 | |aCaOODSP|bfre |
| 041 | |aeng |
| 041 | |afre |
| 043 | |an-cn--- |
| 086 | 1 |aYX44-1985/V-PDF |
| 110 | 1 |aCanada.|bStatuts. |
| 245 | 10|aLois révisées du Canada (1985). 5e supplément / |h[ressource électronique]|c[publ. par] Imprimeur de la reine pour le Canada. |
| 260 | |aOttawa - Ontario : |bStatuts |cc1992. |
| 300 | |a1576p.|bfigures |
| 500 | |a« Révision réalisée sous le régime de la Loi sur les Lois révisées du Canada (1985) »--p.1 de 1576. |
| 520 | 3 |a« Deux lois constituent ce cinquième supplément des Lois révisées du Canada (1985) : la Loi de l'impôt sur le revenu et les Règles concernant l'application de l'impôt sur le revenu. »--Présentation, p.2 de 1575. |
| 546 | |aBilingue |
| 590 | |a14-22-Supp|b2014-12-24 |
| 691 | 07|aLégislation|2gcpds |
| 791 | |tRevised Statutes of Canada, 1985. 5th supplement / |eeng|w(CaOODSP)9.676809 |
| 856 | 40|ahttp://publications.gc.ca|qPDF|s27.46 Mo|uhttps://publications.gc.ca/collections/collection_2014/lois-statutes/YX44-1985V.pdf |